Famous People from Canada by Picture - Statistics

General Stats
  • This quiz has been taken 133 times
  • The average score is 7 of 10
Answer Stats
Picture Answer % Correct
Justin Bieber
98%
Drake
90%
Ryan Gosling
84%
Jim Carrey
83%
Ryan Reynolds
82%
Celine Dion
75%
Wayne Gretzky
57%
Rachel McAdams
36%
Shania Twain
34%
Leonard Cohen
32%
No matching quizzes found
Score Distribution
Percent of People with Each Score
Percentile by Number Answered
Your Score History
You have not taken this quiz